01642nam a2200397Ia 4500001001200000003000800012006001900020007001500039008004100054010001700095020003800112020003500150020002700185020002400212040002100236035002100257050002700278082002300305100002900328245008700357250001200444260006000456300002600516490005300542504006400595504002900659533015200688600006300840650006700903655002900970700003100999710001701030830005401047856012601101999001701227ebr10715470CaPaEBRm o u cr cn|||||||||120314s2012 miua sbq s001 0 eng d z 2012010812 z9780814333600 (pbk. : alk. paper) z0814333605 (pbk. : alk. paper) z9780814338063 (e-book) z0814338062 (e-book) aCaPaEBRcCaPaEBR a(OCoLC)78193987714aPN1998.A3bB469 2012eb04a791.4302/330922231 aWood, Robin,d1931-2009.10aIngmar Bergmanh[electronic resource] /cRobin Wood ; edited by Barry Keith Grant. aNew ed. aDetroit, Mich. :bWayne State University Press,cc2012. axxiv, 347 p. :bill. 1 aContemporary approaches to film and media series aIncludes bibliographical references (p. 307-309) and index. aFilmography: p. 311-341. aElectronic reproduction.bPalo Alto, Calif. :cebrary,d2013.nAvailable via World Wide Web.nAccess may be limited to ebrary affiliated libraries.10aBergman, Ingmar,d1918-2007xCriticism and interpretation. 0aMotion picture actors and actresseszUnited StatesvBiography. 7aElectronic books.2local1 aGrant, Barry Keith,d1947-2 aebrary, Inc. 0aContemporary approaches to film and media series.40uhttp://site.ebrary.com/lib/rucke/Doc?id=10715470zAn electronic book accessible through the World Wide Web; click to view c27174d27174